| 000 | 00611nam a2200181 i 4500 | ||
|---|---|---|---|
| 001 | 128631 | ||
| 003 | ES-MaACL | ||
| 007 | t| | ||
| 008 | 070521s1945 po ||||1| por d | ||
| 080 | _a616.24-002.5 | ||
| 100 | 1 |
_aTapia, Manuel. _9109229 |
|
| 245 | 1 | 0 |
_aFormas anatomoclínicas _b: diagnóstico y tratamiento de la tuberculosis pulmonar / _cManuel Tapia. |
| 250 | _a[2ª ed. corr. y aum. por el Dr. Manuel Tapia]. | ||
| 260 |
_aLisboa : _bLivraria Luso-Espanhola, _c1945. |
||
| 300 |
_a2 v. : _bil. ; _c25 cm. |
||
| 500 | _aTrabajos del Sanatorio del Caramulo. | ||
| 852 |
_aES-MaACL _jE-43-45 _bR.22253 |
||
| 999 |
_c128631 _d128631 |
||